Programa de reeducación para dificultades en la escritura 4 /

Guardado en:
Autor Principal: Huerta, Elena
Otros Autores: Matamala, Antonio
Formato: Libro
Publicado: Madrid : Visor, 1984
Edición:2a. ed.
Series:Aprendizaje
Materias:
Etiquetas: Agregar Etiqueta
Sin Etiquetas, Sea el primero en etiquetar este registro!
LEADER 00774nam a22002535a 4500
001 CEM.cems010843
005 20080314095346.0
008 130507s1984##################000#0#####d
003 CEMS
020 |a 847522606X 
082 0 4 |a SG372.4 
100 1 |a Huerta, Elena 
245 1 0 |a Programa de reeducación para dificultades en la escritura 4 /  |c Elena Huerta, Antonio Matamala 
250 |a 2a. ed. 
260 |a Madrid :  |b Visor,  |c 1984 
300 |a 64 p. 
490 0 |a Aprendizaje 
500 |a Fichero de ortografía visual: 100 palabras fundamentales 
653 |a Lengua 
653 |a Escritura 
653 |a Biblioteca maría de los angeles saggio 
653 |a Educación 
700 1 |a Matamala, Antonio 
859 |a CEMS  |b BIB. CEMS - 11 de abril  |h SG372.4  |i H871  |p 21553.01  |t Ej.1